000 00368nam a22001577a 4500
005 20160701103406.0
008 160701b xxu||||| |||| 00| 0 eng d
041 _aeng
082 _b20169
100 _akhanna OP
_93340
245 _aMaterial Science & Metallurgy
260 _bDhanpat
_c2015
300 _a58.16
650 _aDiploma Engineering
_9817
942 _cBK
999 _c4994
_d4992